000 00614nam a2200241Ia 4500
003 OSt
005 20220918172259.0
006 a|||||r|||| 00| 0
007 ta
008 220917b |||||||| |||| 00| 0 eng d
024 _a63
037 _cTextual
040 _aARTS
_cARTS
_beng
041 _2eng
_aeng
082 _aO111,6L78:g, K5
100 _aAlbrecht W P.
_941094
245 0 _aHazlitt and the creative imagination
260 _c1965
300 _aix,203p.
_ccm.
650 _aENGLISH LITERATURE
942 _hO111,6L78:g, K5
_cTEXL
_2CC
999 _c143320
_d143320